000 00244nam a22000857a 4500
008 161014b xxu||||| |||| 00| 0 eng d
100 _9845
_aMoore.P
245 _aWilliam Wordsworth Selected Poems
260 _aNew Delhi
_bMaanu Graphi Publications
_c2010
999 _c3495
_d3495